header

Random musings (Record no. 136737)

MARC details
000 -LEADER
fixed length control field 01050nam a2200265Ia 4500
100 1# - MAIN ENTRY--AUTHOR NAME
Personal name Grenway, Bernard.
245 10 - TITLE STATEMENT
Title Random musings
260 ## - PUBLICATION, DISTRIBUTION, ETC. (IMPRINT)
Place of publication Lanham :
Name of publisher Hamilton Books,
Year of publication 2011.
300 ## - PHYSICAL DESCRIPTION
Number of Pages iv, 135 p.
500 ## - GENERAL NOTE
General note Includes index.
650 #0 - SUBJECT ADDED ENTRY--TOPICAL TERM
Topical Term African American intellectuals
Topical Term African Americans
856 40 - ELECTRONIC LOCATION AND ACCESS
Uniform Resource Identifier http://site.ebrary.com/lib/rucke/Doc?id=10447170

No items available.

© 2026 Rongo University
Contact us: librarian | system librarian | Rongo university